000 00931cam a22003017a 4500
003 CHAP
005 20220329134839.0
008 971013s1960 r 00010 d
010 _a26883
011 _a27855
035 _a31956
040 _cCHAP
082 _a339.4
_bK3
100 0 0 _aKatona, George.
_962796
245 1 4 _aThe powerful consumer ; psychological studies of the America economy
260 _aNew York :
_bMcGraw-Hill,
_c1960
300 _a276 p.
590 _aBATCH-UPD
_b10
_c20130110
_lUCH01
_h0313
590 _aBATCH-UPD
_b10
_c20130110
_lUCH01
_h1538
590 _aBATCH-UPD
_b10
_c20130409
_lUCH01
_h2346
590 _aBATCH-UPD
_b10
_c20130914
_lUCH01
_h1038
590 _aCONVERSION
_b10
_c20130109
_lUCH01
_h1315
650 1 4 _aConsumo.
_927420
650 1 4 _aE.U.A.
_xCondiciones económicas.
_934838
901 _aBK
942 _cLIBRO
949 _a339.4 K3
_bBC
_cLIBRO
_d33724000380168
_eLIBRO
_h6837
_i31956
_si
999 _c26883
_d26883